00609nam a2200109Ia 4500008004100000245002800041300027400069650000900343856005600352999001900408952007200427170517s9999 xx 000 0 und d aRip!: A Remix Manifesto aJoin filmmaker Brett Gaylor and mashup artist Girl Talk as they explore copyright and content creation in the digital age. In the process they dissect the media landscape of the 21st century and shatter the wall between users and producers. Creative Commons founder,... xArt. uhttp://topdocumentaryfilms.com/rip-remix-manifesto/ c333180d333180 001040aCLbCLd2017-05-17l0r2017-05-17 00:00:00w2017-05-17yDF